| 000 | 03023nam a2200589 c 4500 | ||
|---|---|---|---|
| 999 |
_c205097 _d205097 |
||
| 003 | BLK | ||
| 005 | 20240709162251.0 | ||
| 008 | 180411b bul|||||r ||||||| ||bul|| | ||
| 010 | _aKNG00214698000 | ||
| 020 | _a978-617-534-396-8 | ||
| 040 | _aBLK | ||
| 041 |
_aBUL _cBUL |
||
| 072 | 7 |
_2bullib _aН37 _xОбразование. Педагогика Н |
|
| 080 |
_aВъзпитание и обучение в домове (общежития). Интернати, пансиони. _b37.018.3 _x(470-21=86)(091)(093.3) _z37.018.3(470-21=86)(091)(093.3) |
||
| 080 |
_aРъководство. Учители. Друг персонал _b37.091.113 _x(497.2)(092) _z37.091.113(497.2)(092) |
||
| 080 |
_aБележит български възрожденец, железопътен инженер, български и руски просветен деец, общественик, публицист, дарител, руски офицер _b929 Минков, Тодор Николаевич _z929 Минков, Тодор Николаевич |
||
| 100 | 1 |
_aАбрашев, Петър Пенчов _eпърви автор _9246509 |
|
| 139 |
_aАбрашев, Петър Пенчов _bА 13 |
||
| 245 | 1 | 0 |
_aЮжнославянският пансион на Т. Н. Минков в Николаев _bСпомени _cПетър Пенчов Абрашев. |
| 250 | _aФототип. изд. | ||
| 257 | _aBGR | ||
| 260 |
_bИлион _c2017 |
||
| 300 |
_a129 с. _bсъс сн. _c25 см |
||
| 380 | _a9 | ||
| 500 | _aФототип. изд. на кн. Южнославянския пансион на Т. Н. Минкова в Николаев : спомени / Петър Пенчов Абрашев, София, Придворна печ., 1909. | ||
| 600 | 0 |
_aМинков, Тодор Николаевич _d1830-1906 _9337346 |
|
| 650 | 4 |
_aМинков, Тодор Николаевич _9337346 |
|
| 650 | 4 |
_aОбразование и просвета - Русия _9319950 |
|
| 650 | 4 |
_aСлавяни, южни - образование и просвета - Русия - история _9350585 |
|
| 650 | 4 |
_aРусия - възпитание _9350586 |
|
| 650 | 4 |
_aБългари - в Русия _9294947 |
|
| 650 | 4 |
_aУчители, български - през Възраждането _9256541 |
|
| 651 | 4 |
_aНиколаев _9179268 |
|
| 651 | 4 |
_aУкрайна _9179705 |
|
| 651 | 4 |
_aРусия _9179465 |
|
| 653 | _aобучение в чужбина | ||
| 653 | _aобразование | ||
| 653 | _aТодор Минков | ||
| 653 | _aпросветители | ||
| 653 | _aВъзраждане | ||
| 653 | _aбългари в чужбина | ||
| 653 | _aспомени | ||
| 659 | _aН | ||
| 852 | _aЦб 288402 | ||
| 852 | _aК 37/А 13 П | ||
| 856 | 4 | _qpdf | |
| 856 | 4 | _qpdf | |
| 942 |
_cKNG _n0 _s1 |
||
| 944 |
_aCR _c28.11.2017 _k30542 _lРусанова Ирена |
||
| 944 |
_aED _c05.12.2017 _kЛюдмила_Стоянова |
||
| 999 | _d205097 | ||